[Event "ODJM A 2024"]
[Site "Willingen GER"]
[Date "2024.05.20"]
[Round "3"]
[White "Schmidt, Boris"]
[Black "Frohnhäuser, Simon"]
[Result "0-1"]
[Termination "normal"]
[Board "18"]
[WhiteElo "1918"]
[BlackElo "1985"]
[WhiteClock "00:27:43"]
[BlackClock "00:16:54"]
[PlyCount "121"]
[WhiteFideId "16238036"]
[BlackFideId "16208528"]
[EventCountry "GER"]
[EventRounds "9"]
[EventType "swiss"]
[EventDate "2024.05.18"]

1. e4 {[%clk 01:30:50]} {[%emt 00:00:09]} c5 {[%clk 01:30:51]} {[%emt
00:00:09]} 2. d4 {[%clk 01:31:11]} {[%emt 00:00:10]} cxd4 {[%clk 01:29:59]}
{[%emt 00:01:22]} 3. c3 {[%clk 01:31:36]} {[%emt 00:00:05]} Nf6 {[%clk
01:30:12]} {[%emt 00:00:17]} 4. e5 {[%clk 01:32:02]} {[%emt 00:00:04]} Nd5
{[%clk 01:30:34]} {[%emt 00:00:08]} 5. Nf3 {[%clk 01:32:28]} {[%emt 00:00:04]}
e6 {[%clk 01:28:44]} {[%emt 00:02:20]} 6. cxd4 {[%clk 01:32:10]} {[%emt
00:00:48]} d6 {[%clk 01:27:58]} {[%emt 00:01:15]} 7. Nc3 {[%clk 01:31:52]}
{[%emt 00:00:48]} Nxc3 {[%clk 01:27:25]} {[%emt 00:01:04]} 8. bxc3 {[%clk
01:32:18]} {[%emt 00:00:04]} Qc7 {[%clk 01:27:50]} {[%emt 00:00:05]} 9. Bd2
{[%clk 01:32:34]} {[%emt 00:00:13]} Nc6 {[%clk 01:28:13]} {[%emt 00:00:08]} 10.
exd6 {[%clk 01:31:45]} {[%emt 00:01:18]} Bxd6 {[%clk 01:28:28]} {[%emt
00:00:16]} 11. Bd3 {[%clk 01:32:04]} {[%emt 00:00:11]} b6 {[%clk 01:20:11]}
{[%emt 00:08:47]} 12. Qc2 {[%clk 01:25:22]} {[%emt 00:07:11]} h6 {[%clk
01:19:56]} {[%emt 00:00:45]} 13. O-O {[%clk 01:25:37]} {[%emt 00:00:15]} Bb7
{[%clk 01:20:04]} {[%emt 00:00:23]} 14. Rfe1 {[%clk 01:24:58]} {[%emt
00:01:09]} Ne7 {[%clk 01:09:54]} {[%emt 00:10:40]} 15. Ne5 {[%clk 00:57:25]}
{[%emt 00:28:01]} O-O {[%clk 00:47:29]} {[%emt 00:22:57]} 16. Re3 {[%clk
00:37:56]} {[%emt 00:19:59]} f6 {[%clk 00:40:38]} {[%emt 00:07:21]} 17. Bh7+
{[%clk 00:22:38]} {[%emt 00:15:47]} Kh8 {[%clk 00:40:51]} {[%emt 00:00:17]} 18.
Ng6+ {[%clk 00:23:05]} {[%emt 00:00:04]} Nxg6 {[%clk 00:41:14]} {[%emt
00:00:06]} 19. Bxg6 {[%clk 00:23:33]} {[%emt 00:00:03]} Bd5 {[%clk 00:40:00]}
{[%emt 00:01:43]} 20. Rh3 {[%clk 00:23:41]} {[%emt 00:00:22]} f5 {[%clk
00:32:58]} {[%emt 00:07:32]} 21. Qd1 {[%clk 00:21:36]} {[%emt 00:02:35]} Bf4
{[%clk 00:32:03]} {[%emt 00:01:24]} 22. c4 {[%clk 00:18:03]} {[%emt 00:04:05]}
Bxc4 {[%clk 00:29:19]} {[%emt 00:03:14]} 23. Rc1 {[%clk 00:14:58]} {[%emt
00:03:35]} b5 {[%clk 00:28:50]} {[%emt 00:00:57]} 24. Rcc3 {[%clk 00:13:23]}
{[%emt 00:02:06]} Rad8 {[%clk 00:25:21]} {[%emt 00:03:59]} 25. Be3 {[%clk
00:06:05]} {[%emt 00:07:48]} Rf6 {[%clk 00:19:08]} {[%emt 00:06:43]} 26. Bh5
{[%clk 00:05:13]} {[%emt 00:01:22]} Bxe3 {[%clk 00:17:55]} {[%emt 00:01:42]}
27. Rhxe3 {[%clk 00:05:22]} {[%emt 00:00:22]} Qf4 {[%clk 00:16:27]} {[%emt
00:01:57]} 28. g3 {[%clk 00:04:52]} {[%emt 00:01:01]} Qxd4 {[%clk 00:16:39]}
{[%emt 00:00:17]} 29. Qb1 {[%clk 00:04:45]} {[%emt 00:00:39]} Qd5 {[%clk
00:09:49]} {[%emt 00:07:20]} 30. Qc2 {[%clk 00:04:11]} {[%emt 00:01:03]} Qd2
{[%clk 00:07:18]} {[%emt 00:03:01]} 31. a3 {[%clk 00:03:14]} {[%emt 00:01:27]}
Qxc2 32. Rxc2 {[%clk 00:03:43]} Rd4 {[%clk 00:04:28]} {[%emt 00:00:51]} 33. Bf3
{[%clk 00:03:59]} {[%emt 00:00:13]} Rf8 {[%clk 00:03:55]} {[%emt 00:01:03]} 34.
Be2 {[%clk 00:04:19]} {[%emt 00:00:11]} Re8 {[%clk 00:03:28]} {[%emt 00:00:58]}
35. Re5 {[%clk 00:04:26]} {[%emt 00:00:22]} Bd5 {[%clk 00:03:04]} {[%emt
00:00:54]} 36. Bxb5 {[%clk 00:04:29]} {[%emt 00:00:28]} Rd1+ {[%clk 00:03:28]}
{[%emt 00:00:05]} 37. Bf1 {[%clk 00:04:57]} {[%emt 00:00:02]} Rb8 {[%clk
00:03:12]} {[%emt 00:00:45]} 38. Rxd5 {[%clk 00:04:43]} {[%emt 00:00:45]} exd5
{[%clk 00:03:33]} {[%emt 00:00:09]} 39. Kg2 {[%clk 00:05:10]} {[%emt 00:00:03]}
Ra1 {[%clk 00:02:29]} {[%emt 00:01:34]} 40. Bd3 {[%clk 00:05:28]} {[%emt
00:00:11]} g6 {[%clk 00:01:55]} {[%emt 00:01:05]} 41. Rc5 {[%clk 00:05:48]}
{[%emt 00:00:11]} Rxa3 {[%clk 00:23:57]} {[%emt 00:08:27]} 42. Rxd5 {[%clk
00:33:38]} {[%emt 00:02:40]} Rb6 {[%clk 00:24:23]} {[%emt 00:00:05]} 43. Rd7
{[%clk 00:32:25]} {[%emt 00:01:41]} a5 {[%clk 00:24:19]} {[%emt 00:00:35]} 44.
Bc4 {[%clk 00:32:45]} {[%emt 00:00:10]} Rc3 {[%clk 00:23:34]} {[%emt 00:01:15]}
45. Bf7 {[%clk 00:31:14]} {[%emt 00:02:00]} a4 {[%clk 00:22:53]} {[%emt
00:01:12]} 46. Ra7 {[%clk 00:31:35]} {[%emt 00:00:09]} a3 {[%clk 00:23:18]}
{[%emt 00:00:05]} 47. Bd5 {[%clk 00:31:58]} {[%emt 00:00:07]} Rd6 {[%clk
00:20:19]} {[%emt 00:03:29]} 48. Bf7 {[%clk 00:29:33]} {[%emt 00:02:55]} Kg7
{[%clk 00:19:12]} {[%emt 00:01:37]} 49. Be8+ {[%clk 00:26:37]} {[%emt
00:03:26]} Kf6 {[%clk 00:19:12]} {[%emt 00:00:30]} 50. Rf7+ {[%clk 00:27:02]}
{[%emt 00:00:05]} Ke5 {[%clk 00:19:00]} {[%emt 00:00:42]} 51. Ra7 {[%clk
00:27:09]} {[%emt 00:00:23]} Kd4 {[%clk 00:18:44]} {[%emt 00:00:46]} 52. Ra4+
{[%clk 00:27:10]} {[%emt 00:00:29]} Kd3 {[%clk 00:17:50]} {[%emt 00:01:24]} 53.
Bb5+ {[%clk 00:27:17]} {[%emt 00:00:23]} Kc2 {[%clk 00:18:15]} {[%emt
00:00:05]} 54. Be8 {[%clk 00:27:43]} {[%emt 00:00:04]} Rf6 {[%clk 00:16:47]}
{[%emt 00:01:58]} 55. Bb5 {[%clk 00:26:54]} {[%emt 00:01:19]} Kb3 {[%clk
00:17:00]} {[%emt 00:00:16]} 56. Ra7 {[%clk 00:27:13]} {[%emt 00:00:12]} a2
{[%clk 00:17:14]} {[%emt 00:00:16]} 57. h4 {[%clk 00:26:37]} {[%emt 00:01:06]}
Kb2 {[%clk 00:16:56]} {[%emt 00:00:47]} 58. Rxa2+ {[%clk 00:26:56]} {[%emt
00:00:12]} Kxa2 {[%clk 00:17:22]} {[%emt 00:00:03]} 59. Kh3 {[%clk 00:27:05]}
{[%emt 00:00:22]} f4 {[%clk 00:17:17]} {[%emt 00:00:35]} 60. Be2 {[%clk
00:27:14]} {[%emt 00:00:21]} fxg3 {[%clk 00:16:54]} {[%emt 00:00:53]} 61. fxg3
{[%clk 00:27:43]} 0-1

[Event "ODJM A 2024"]
[Site "Willingen GER"]
[Date "2024.05.20"]
[Round "3"]
[White "Fruth, David"]
[Black "Mehner, Lorenz"]
[Result "1-0"]
[Termination "normal"]
[Board "19"]
[WhiteElo "1931"]
[BlackElo "1799"]
[WhiteClock "01:07:58"]
[BlackClock "00:29:24"]
[PlyCount "83"]
[WhiteFideId "16257596"]
[BlackFideId "16293096"]
[EventCountry "GER"]
[EventRounds "9"]
[EventType "swiss"]
[EventDate "2024.05.18"]

1. e4 {[%clk 01:30:58]} {[%emt 00:00:02]} c5 {[%clk 01:30:53]} {[%emt
00:00:07]} 2. Nf3 {[%clk 01:31:25]} {[%emt 00:00:03]} d6 {[%clk 01:31:15]}
{[%emt 00:00:09]} 3. d4 {[%clk 01:31:50]} {[%emt 00:00:05]} cxd4 {[%clk
01:31:39]} {[%emt 00:00:05]} 4. Nxd4 {[%clk 01:32:15]} {[%emt 00:00:05]} Nf6
{[%clk 01:32:00]} {[%emt 00:00:08]} 5. Nc3 {[%clk 01:32:34]} {[%emt 00:00:12]}
g6 {[%clk 01:32:14]} {[%emt 00:00:17]} 6. Be3 {[%clk 01:32:55]} {[%emt
00:00:08]} Bg7 {[%clk 01:32:38]} {[%emt 00:00:06]} 7. Bc4 {[%clk 01:32:56]}
{[%emt 00:00:30]} O-O {[%clk 01:32:15]} {[%emt 00:00:52]} 8. Bb3 {[%clk
01:33:24]} {[%emt 00:00:02]} Nc6 {[%clk 01:31:15]} {[%emt 00:01:30]} 9. f3
{[%clk 01:33:21]} {[%emt 00:00:33]} Bd7 {[%clk 01:30:05]} {[%emt 00:01:39]} 10.
Qd2 {[%clk 01:33:15]} {[%emt 00:00:37]} Rc8 {[%clk 01:27:02]} {[%emt 00:03:33]}
11. h4 {[%clk 01:33:13]} {[%emt 00:00:31]} h5 {[%clk 01:24:49]} {[%emt
00:02:43]} 12. O-O-O {[%clk 01:31:13]} {[%emt 00:02:31]} Qa5 {[%clk 01:22:21]}
{[%emt 00:02:58]} 13. Kb1 {[%clk 01:31:16]} {[%emt 00:00:27]} Rfe8 {[%clk
01:21:50]} {[%emt 00:01:00]} 14. g4 {[%clk 01:26:47]} {[%emt 00:05:00]} Ne5
{[%clk 01:09:40]} {[%emt 00:12:40]} 15. Bg5 {[%clk 01:09:10]} {[%emt 00:18:06]}
Nc4 {[%clk 01:04:40]} {[%emt 00:05:31]} 16. Qd3 {[%clk 01:08:07]} {[%emt
00:01:34]} Ne5 {[%clk 01:01:28]} {[%emt 00:03:41]} 17. Qe2 {[%clk 01:04:32]}
{[%emt 00:04:05]} Nc6 {[%clk 00:39:57]} {[%emt 00:22:01]} 18. Nxc6 {[%clk
01:00:14]} {[%emt 00:04:48]} bxc6 {[%clk 00:36:09]} {[%emt 00:04:17]} 19. e5
{[%clk 00:55:10]} {[%emt 00:05:35]} Nh7 {[%clk 00:29:43]} {[%emt 00:06:55]} 20.
gxh5 {[%clk 00:52:42]} {[%emt 00:02:58]} Nxg5 {[%clk 00:20:54]} {[%emt
00:09:19]} 21. hxg5 {[%clk 00:52:46]} {[%emt 00:00:26]} Qxe5 {[%clk 00:20:41]}
{[%emt 00:00:44]} 22. hxg6 {[%clk 00:52:55]} {[%emt 00:00:21]} d5 {[%clk
00:18:51]} {[%emt 00:02:20]} 23. gxf7+ {[%clk 00:50:06]} {[%emt 00:03:19]} Kxf7
{[%clk 00:18:46]} {[%emt 00:00:34]} 24. Qxe5 {[%clk 00:48:03]} {[%emt
00:02:33]} Bxe5 {[%clk 00:19:11]} {[%emt 00:00:05]} 25. Nxd5 {[%clk 00:48:27]}
{[%emt 00:00:08]} Be6 {[%clk 00:15:28]} {[%emt 00:04:11]} 26. Ne3 {[%clk
00:43:31]} {[%emt 00:05:26]} Bxb3 {[%clk 00:14:00]} {[%emt 00:01:58]} 27. cxb3
{[%clk 00:41:33]} {[%emt 00:02:28]} Bf4 {[%clk 00:12:40]} {[%emt 00:01:50]} 28.
Nc4 {[%clk 00:40:34]} {[%emt 00:01:30]} Kg6 {[%clk 00:09:52]} {[%emt 00:03:17]}
29. Rd7 {[%clk 00:37:32]} {[%emt 00:03:32]} a6 {[%clk 00:08:23]} {[%emt
00:01:59]} 30. Ra7 {[%clk 00:37:52]} {[%emt 00:00:10]} Ra8 {[%clk 00:07:29]}
{[%emt 00:01:24]} 31. Rh6+ {[%clk 00:37:35]} {[%emt 00:00:48]} Kxg5 {[%clk
00:06:46]} {[%emt 00:01:12]} 32. Rxa8 {[%clk 00:37:58]} {[%emt 00:00:07]} Rxa8
{[%clk 00:07:08]} {[%emt 00:00:09]} 33. Rxc6 {[%clk 00:38:24]} {[%emt
00:00:04]} Kf5 {[%clk 00:04:46]} {[%emt 00:02:52]} 34. Kc2 {[%clk 00:38:36]}
{[%emt 00:00:18]} e6 {[%clk 00:03:07]} {[%emt 00:02:09]} 35. Kd3 {[%clk
00:37:31]} {[%emt 00:01:34]} Rd8+ {[%clk 00:02:18]} {[%emt 00:01:19]} 36. Ke2
{[%clk 00:37:59]} {[%emt 00:00:02]} Ra8 {[%clk 00:01:59]} {[%emt 00:00:50]} 37.
Rc5+ {[%clk 00:38:24]} {[%emt 00:00:05]} Kf6 {[%clk 00:01:53]} {[%emt
00:00:35]} 38. Kd3 {[%clk 00:38:45]} {[%emt 00:00:08]} Bg3 {[%clk 00:01:30]}
{[%emt 00:00:54]} 39. Ke4 {[%clk 00:39:05]} {[%emt 00:00:10]} Ke7 {[%clk
00:00:50]} {[%emt 00:01:09]} 40. Rc6 {[%clk 00:39:01]} {[%emt 00:00:35]} Kd7
{[%clk 00:00:41]} {[%emt 00:00:39]} 41. Rb6 {[%clk 00:39:08]} {[%emt 00:00:23]}
Ra7 {[%clk 00:29:24]} {[%emt 00:01:47]} 42. Ne5+ {[%clk 01:07:58]} {[%emt
00:01:40]} 1-0

[Event "ODJM A 2024"]
[Site "Willingen GER"]
[Date "2024.05.20"]
[Round "3"]
[White "Kieselbach, Jannik"]
[Black "Schulz, Tim"]
[Result "1-0"]
[Termination "normal"]
[Board "20"]
[WhiteElo "2003"]
[BlackElo "1850"]
[WhiteClock "00:25:03"]
[BlackClock "00:41:33"]
[PlyCount "85"]
[WhiteFideId "16246403"]
[BlackFideId "34629165"]
[EventCountry "GER"]
[EventRounds "9"]
[EventType "swiss"]
[EventDate "2024.05.18"]

1. e4 {[%clk 01:30:56]} {[%emt 00:00:02]} c5 {[%clk 01:30:55]} {[%emt
00:00:06]} 2. c3 {[%clk 01:30:14]} {[%emt 00:01:12]} Nf6 {[%clk 01:31:18]}
{[%emt 00:00:06]} 3. e5 {[%clk 01:30:29]} {[%emt 00:00:16]} Nd5 {[%clk
01:31:42]} {[%emt 00:00:06]} 4. Bc4 {[%clk 01:29:57]} {[%emt 00:01:01]} Nb6
{[%clk 01:30:21]} {[%emt 00:01:51]} 5. Bb3 {[%clk 01:30:18]} {[%emt 00:00:10]}
d6 {[%clk 01:29:13]} {[%emt 00:01:37]} 6. exd6 {[%clk 01:30:29]} {[%emt
00:00:20]} Qxd6 {[%clk 01:28:33]} {[%emt 00:01:10]} 7. Nf3 {[%clk 01:30:29]}
{[%emt 00:00:29]} Nc6 {[%clk 01:26:43]} {[%emt 00:02:20]} 8. O-O {[%clk
01:30:25]} {[%emt 00:00:34]} Bf5 {[%clk 01:22:22]} {[%emt 00:04:51]} 9. d4
{[%clk 00:37:39]} {[%emt 00:53:17]} cxd4 {[%clk 01:18:19]} {[%emt 00:04:32]}
10. Nxd4 {[%clk 00:37:53]} {[%emt 00:00:16]} Nxd4 {[%clk 01:17:15]} {[%emt
00:01:35]} 11. cxd4 {[%clk 00:37:22]} {[%emt 00:01:01]} g6 {[%clk 01:12:09]}
{[%emt 00:05:35]} 12. Nc3 {[%clk 00:22:10]} {[%emt 00:15:43]} Bg7 {[%clk
01:05:04]} {[%emt 00:07:34]} 13. Be3 {[%clk 00:19:44]} {[%emt 00:02:57]} O-O
{[%clk 00:58:31]} {[%emt 00:07:02]} 14. Rc1 {[%clk 00:19:37]} {[%emt 00:00:37]}
Rfd8 {[%clk 00:56:51]} {[%emt 00:02:10]} 15. Qf3 {[%clk 00:17:47]} {[%emt
00:02:20]} Qd7 {[%clk 00:48:44]} {[%emt 00:08:37]} 16. h3 {[%clk 00:17:51]}
{[%emt 00:00:27]} Be6 {[%clk 00:43:55]} {[%emt 00:05:17]} 17. Bxe6 {[%clk
00:15:40]} {[%emt 00:02:42]} Qxe6 {[%clk 00:43:09]} {[%emt 00:01:15]} 18. Qxb7
{[%clk 00:14:50]} {[%emt 00:01:20]} Nc4 {[%clk 00:41:06]} {[%emt 00:02:34]} 19.
Rfe1 {[%clk 00:12:46]} {[%emt 00:02:35]} Rdb8 {[%clk 00:39:02]} {[%emt
00:02:34]} 20. Qf3 {[%clk 00:08:17]} {[%emt 00:04:58]} Nxe3 {[%clk 00:28:37]}
{[%emt 00:10:55]} 21. fxe3 {[%clk 00:07:41]} {[%emt 00:01:07]} Rd8 {[%clk
00:26:40]} {[%emt 00:02:25]} 22. b3 {[%clk 00:06:07]} {[%emt 00:02:05]} Rab8
{[%clk 00:25:09]} {[%emt 00:02:01]} 23. Na4 {[%clk 00:05:44]} {[%emt 00:00:54]}
Rd5 {[%clk 00:22:26]} {[%emt 00:03:12]} 24. Nc5 {[%clk 00:05:36]} {[%emt
00:00:38]} Qd6 {[%clk 00:22:17]} {[%emt 00:00:39]} 25. Kh1 {[%clk 00:04:44]}
{[%emt 00:01:23]} Rf5 {[%clk 00:21:29]} {[%emt 00:01:17]} 26. Qe2 {[%clk
00:04:25]} {[%emt 00:00:50]} Bh6 {[%clk 00:18:58]} {[%emt 00:03:00]} 27. g4
{[%clk 00:02:15]} {[%emt 00:02:40]} Rf6 {[%clk 00:16:40]} {[%emt 00:02:47]} 28.
Ne4 {[%clk 00:02:18]} {[%emt 00:00:28]} Qd5 {[%clk 00:17:02]} {[%emt 00:00:07]}
29. Qg2 {[%clk 00:02:43]} {[%emt 00:00:05]} Qe6 {[%clk 00:14:00]} {[%emt
00:03:32]} 30. Nxf6+ {[%clk 00:03:05]} {[%emt 00:00:09]} exf6 {[%clk 00:14:24]}
{[%emt 00:00:06]} 31. Qc6 {[%clk 00:02:42]} {[%emt 00:00:53]} Qe7 {[%clk
00:14:00]} {[%emt 00:00:54]} 32. Rc3 {[%clk 00:02:46]} {[%emt 00:00:26]} Rb6
{[%clk 00:13:57]} {[%emt 00:00:33]} 33. Qf3 {[%clk 00:02:55]} {[%emt 00:00:21]}
Bf8 {[%clk 00:13:36]} {[%emt 00:00:50]} 34. Rd3 {[%clk 00:01:34]} {[%emt
00:01:52]} Qa3 {[%clk 00:13:29]} {[%emt 00:00:38]} 35. Qe2 {[%clk 00:01:35]}
{[%emt 00:00:29]} Qd6 {[%clk 00:13:26]} {[%emt 00:00:32]} 36. e4 {[%clk
00:01:32]} {[%emt 00:00:34]} Rb4 {[%clk 00:12:59]} {[%emt 00:00:56]} 37. Qe3
{[%clk 00:01:37]} {[%emt 00:00:25]} Qa6 {[%clk 00:12:49]} {[%emt 00:00:40]} 38.
Re2 {[%clk 00:01:48]} {[%emt 00:00:20]} Bh6 {[%clk 00:12:27]} {[%emt 00:00:51]}
39. Qf3 {[%clk 00:02:04]} {[%emt 00:00:15]} Rb6 {[%clk 00:12:13]} {[%emt
00:00:43]} 40. e5 {[%clk 00:01:33]} {[%emt 00:01:02]} fxe5 {[%clk 00:12:08]}
{[%emt 00:00:34]} 41. dxe5 {[%clk 00:29:24]} {[%emt 00:02:39]} Re6 {[%clk
00:41:29]} {[%emt 00:01:08]} 42. Rd8+ {[%clk 00:27:45]} {[%emt 00:02:09]} Bf8
{[%clk 00:41:33]} {[%emt 00:00:26]} 43. Rf2 {[%clk 00:25:03]} {[%emt 00:03:13]}
1-0

[Event "ODJM A 2024"]
[Site "Willingen GER"]
[Date "2024.05.20"]
[Round "3"]
[White "Ratushnyi, Viktor"]
[Black "Werner, Florin"]
[Result "0-1"]
[Termination "normal"]
[Board "21"]
[WhiteElo "1880"]
[BlackElo "1893"]
[WhiteClock "00:04:25"]
[BlackClock "00:14:10"]
[PlyCount "130"]
[WhiteFideId "34167293"]
[BlackFideId "16250230"]
[EventCountry "GER"]
[EventRounds "9"]
[EventType "swiss"]
[EventDate "2024.05.18"]

1. e4 {[%clk 01:30:59]} c5 {[%clk 01:30:34]} {[%emt 00:00:26]} 2. Nf3 {[%clk
01:31:15]} {[%emt 00:00:13]} e6 {[%clk 01:30:52]} {[%emt 00:00:13]} 3. g3
{[%clk 01:30:08]} {[%emt 00:01:37]} a6 {[%clk 01:29:35]} {[%emt 00:01:48]} 4.
Bg2 {[%clk 01:29:42]} {[%emt 00:00:56]} b5 {[%clk 01:28:35]} {[%emt 00:01:29]}
5. O-O {[%clk 01:26:51]} {[%emt 00:03:21]} Bb7 {[%clk 01:28:25]} {[%emt
00:00:40]} 6. d3 {[%clk 01:23:01]} {[%emt 00:04:20]} d5 {[%clk 01:25:52]}
{[%emt 00:03:03]} 7. Nbd2 {[%clk 01:19:22]} {[%emt 00:04:09]} Nf6 {[%clk
01:25:41]} {[%emt 00:00:41]} 8. Qe2 {[%clk 01:19:30]} {[%emt 00:00:23]} Be7
{[%clk 01:25:30]} {[%emt 00:00:40]} 9. c3 {[%clk 01:15:11]} {[%emt 00:04:50]}
O-O {[%clk 01:23:32]} {[%emt 00:02:28]} 10. e5 {[%clk 01:05:39]} {[%emt
00:10:02]} Nfd7 {[%clk 01:23:36]} {[%emt 00:00:25]} 11. Ne1 {[%clk 01:05:55]}
{[%emt 00:00:14]} Qb6 {[%clk 01:23:48]} {[%emt 00:00:18]} 12. f4 {[%clk
01:05:27]} {[%emt 00:00:59]} d4 {[%clk 01:20:11]} {[%emt 00:04:07]} 13. c4
{[%clk 01:02:22]} {[%emt 00:03:34]} Bxg2 {[%clk 01:17:55]} {[%emt 00:02:46]}
14. Qxg2 {[%clk 01:00:34]} {[%emt 00:02:18]} Nc6 {[%clk 01:12:31]} {[%emt
00:05:53]} 15. h4 {[%clk 00:51:42]} {[%emt 00:09:22]} Qc7 {[%clk 00:59:54]}
{[%emt 00:13:08]} 16. Qh3 {[%clk 00:45:52]} {[%emt 00:06:19]} f5 {[%clk
00:48:41]} {[%emt 00:11:44]} 17. h5 {[%clk 00:24:21]} {[%emt 00:22:00]} Rab8
{[%clk 00:38:28]} {[%emt 00:10:43]} 18. Ndf3 {[%clk 00:19:22]} {[%emt
00:05:30]} Kh8 {[%clk 00:26:27]} {[%emt 00:12:31]} 19. Nh4 {[%clk 00:15:14]}
{[%emt 00:04:38]} Bxh4 {[%clk 00:26:45]} {[%emt 00:00:12]} 20. Qxh4 {[%clk
00:14:38]} {[%emt 00:01:06]} a5 {[%clk 00:25:12]} {[%emt 00:02:03]} 21. Rf2
{[%clk 00:09:12]} {[%emt 00:05:57]} a4 {[%clk 00:23:46]} {[%emt 00:01:55]} 22.
Rg2 {[%clk 00:06:54]} {[%emt 00:02:48]} bxc4 {[%clk 00:19:39]} {[%emt
00:04:38]} 23. dxc4 {[%clk 00:07:22]} Qd8 {[%clk 00:19:22]} {[%emt 00:00:46]}
24. Qh3 {[%clk 00:06:24]} {[%emt 00:01:29]} Ne7 {[%clk 00:12:09]} {[%emt
00:07:43]} 25. Nf3 {[%clk 00:04:57]} {[%emt 00:01:56]} Qe8 {[%clk 00:06:20]}
{[%emt 00:06:19]} 26. Ng5 {[%clk 00:03:40]} {[%emt 00:01:47]} Rb6 {[%clk
00:06:50]} 27. Nf3 {[%clk 00:02:17]} {[%emt 00:01:54]} Ng8 {[%clk 00:04:32]}
{[%emt 00:02:48]} 28. g4 {[%clk 00:01:23]} {[%emt 00:01:23]} Nh6 {[%clk
00:04:56]} {[%emt 00:00:07]} 29. g5 {[%clk 00:01:00]} {[%emt 00:00:53]} Ng4
{[%clk 00:05:11]} {[%emt 00:00:14]} 30. Rxg4 {[%clk 00:00:36]} {[%emt
00:00:54]} fxg4 {[%clk 00:05:35]} {[%emt 00:00:07]} 31. Qxg4 {[%clk 00:01:03]}
{[%emt 00:00:02]} Qf7 {[%clk 00:03:38]} {[%emt 00:02:28]} 32. Kg2 {[%clk
00:00:35]} {[%emt 00:00:58]} g6 {[%clk 00:03:02]} {[%emt 00:01:06]} 33. h6
{[%clk 00:00:37]} {[%emt 00:00:27]} Nb8 {[%clk 00:02:06]} {[%emt 00:01:26]} 34.
Nd2 {[%clk 00:00:37]} {[%emt 00:00:31]} Qxf4 {[%clk 00:02:25]} {[%emt
00:00:11]} 35. Qxf4 {[%clk 00:00:56]} {[%emt 00:00:11]} Rxf4 {[%clk 00:02:54]}
36. Kg3 {[%clk 00:01:02]} {[%emt 00:00:24]} Rf5 {[%clk 00:02:58]} {[%emt
00:00:25]} 37. Ne4 {[%clk 00:00:36]} {[%emt 00:00:56]} Rxe5 {[%clk 00:02:25]}
{[%emt 00:01:04]} 38. Nf6 {[%clk 00:01:05]} {[%emt 00:00:01]} Rf5 {[%clk
00:02:31]} {[%emt 00:00:23]} 39. Bd2 {[%clk 00:00:32]} {[%emt 00:01:03]} Rxb2
{[%clk 00:01:58]} {[%emt 00:01:03]} 40. Re1 {[%clk 00:01:01]} e5 {[%clk
00:01:07]} {[%emt 00:01:21]} 41. Bc3 {[%clk 00:12:22]} {[%emt 00:19:09]} Rb7
{[%clk 00:27:11]} {[%emt 00:04:27]} 42. Bd2 {[%clk 00:08:54]} {[%emt 00:03:58]}
Nd7 {[%clk 00:13:22]} {[%emt 00:14:18]} 43. Ne4 {[%clk 00:09:07]} {[%emt
00:00:16]} Rb2 {[%clk 00:13:33]} {[%emt 00:00:17]} 44. Ba5 {[%clk 00:04:56]}
{[%emt 00:04:45]} Rxa2 {[%clk 00:10:32]} {[%emt 00:03:31]} 45. Rb1 {[%clk
00:04:06]} {[%emt 00:01:20]} Ra3+ {[%clk 00:10:56]} {[%emt 00:00:06]} 46. Kg2
{[%clk 00:02:51]} {[%emt 00:01:44]} Rb3 {[%clk 00:11:19]} {[%emt 00:00:08]} 47.
Re1 {[%clk 00:03:01]} {[%emt 00:00:18]} Re3 {[%clk 00:10:27]} {[%emt 00:01:21]}
48. Rxe3 {[%clk 00:02:06]} {[%emt 00:01:27]} dxe3 {[%clk 00:10:52]} {[%emt
00:00:05]} 49. Bc3 {[%clk 00:01:19]} {[%emt 00:01:17]} Kg8 {[%clk 00:10:35]}
{[%emt 00:00:47]} 50. Ng3 {[%clk 00:00:35]} {[%emt 00:01:14]} Rf2+ {[%clk
00:10:47]} {[%emt 00:00:17]} 51. Kh3 {[%clk 00:00:35]} {[%emt 00:00:30]} Rc2
{[%clk 00:10:31]} {[%emt 00:00:46]} 52. Ba5 {[%clk 00:00:37]} {[%emt 00:00:29]}
a3 {[%clk 00:10:17]} {[%emt 00:00:45]} 53. Nf1 {[%clk 00:00:35]} {[%emt
00:00:32]} a2 {[%clk 00:10:28]} {[%emt 00:00:18]} 54. Nxe3 {[%clk 00:00:47]}
{[%emt 00:00:19]} a1=Q {[%emt 00:00:20]} 55. Nxc2 {[%clk 00:00:52]} {[%emt
00:00:21]} Qxa5 {[%clk 00:10:57]} {[%emt 00:00:15]} 56. Ne3 {[%clk 00:01:02]}
{[%emt 00:00:19]} Qc3 {[%clk 00:11:07]} {[%emt 00:00:20]} 57. Kg4 {[%clk
00:01:23]} {[%emt 00:00:09]} Qxe3 {[%clk 00:11:28]} {[%emt 00:00:09]} 58. Kh4
{[%clk 00:01:48]} {[%emt 00:00:04]} Qf4+ {[%clk 00:11:50]} {[%emt 00:00:08]}
59. Kh3 {[%clk 00:02:17]} {[%emt 00:00:02]} Qxg5 {[%clk 00:12:12]} {[%emt
00:00:09]} 60. Kh2 {[%clk 00:02:44]} {[%emt 00:00:02]} Kf7 {[%clk 00:12:22]}
{[%emt 00:00:20]} 61. Kh1 {[%clk 00:03:08]} {[%emt 00:00:06]} Kf6 {[%clk
00:12:37]} {[%emt 00:00:15]} 62. Kh2 {[%clk 00:03:11]} {[%emt 00:00:27]} Kf5
{[%clk 00:12:55]} {[%emt 00:00:12]} 63. Kh3 {[%clk 00:03:36]} {[%emt 00:00:05]}
Kf4 {[%clk 00:13:19]} {[%emt 00:00:06]} 64. Kh2 {[%clk 00:04:03]} {[%emt
00:00:02]} Kf3 {[%clk 00:13:44]} {[%emt 00:00:06]} 65. Kh1 {[%clk 00:04:25]}
{[%emt 00:00:07]} Qg2# {[%clk 00:14:10]} {[%emt 00:00:05]} 0-1